000 00292 a2200133 4500
000 nam a22 7a 4500
100 _aB, Roy
110 _aB, Roy
245 _aEnterpreneurship And Startups
250 _alatest edition
260 _bYking
_c2024
264 _bYking
_c2024
942 _cBK
999 _c396998
_d396998